[Event "Tournoi de la Vierge 2011"]
[Site "CRELEL"]
[Date "2011.08.12"]
[Round "1"]
[White "Ancion, Merowig"]
[Black "Fouarge, Albert"]
[Result "1-0"]
[WhiteElo "1864"]
[BlackElo "1473"]
[PlyCount "53"]
[EventDate "2011.??.??"]

1. e4 d6 2. d4 Nf6 3. Nc3 g6 4. f3 Bg7 5. Be3 O-O 6. h4 Nbd7 7. Qd2 c5 8. Nge2
a6 9. h5 Nxh5 10. g4 Nhf6 11. Bh6 cxd4 12. Bxg7 dxc3 13. Qh6 cxb2 14. Rb1 Qa5+
15. Kf2 Qc5+ 16. Kg2 Qxc2 17. g5 Qxb1 18. gxf6 Qxf1+ 19. Rxf1 Nxf6 20. Bxf8
Bh3+ 21. Kxh3 Rxf8 22. Rb1 Rc8 23. Rxb2 b5 24. Qd2 Nd7 25. Rc2 Nc5 26. e5 Rd8
27. Rxc5 1-0

[Event "Tournoi de la Vierge 2011"]
[Site "CRELEL"]
[Date "2011.08.15"]
[Round "6"]
[White "Ancion, Merowig"]
[Black "Mollica, Antonio"]
[Result "1-0"]
[WhiteElo "1864"]
[BlackElo "1629"]
[PlyCount "53"]
[EventDate "2011.??.??"]

1. e4 d5 2. exd5 Qxd5 3. Nc3 Qd6 4. d4 Nf6 5. Bd3 a6 6. Nge2 Nc6 7. Ne4 Nxe4 8.
Bxe4 Bg4 9. c3 Bxe2 10. Qxe2 e6 11. O-O O-O-O 12. a4 Be7 13. b4 f5 14. Bd3 Nb8
15. b5 Bf6 16. bxa6 Nxa6 17. Ba3 c5 18. Rfd1 Rhe8 19. Rab1 Re7 20. Rb2 g6 21.
Rdb1 e5 22. Rb6 exd4 23. Qf1 Qe5 24. Bxa6 dxc3 25. Bxb7+ Rxb7 26. Qa6 Qe7 27.
Qa8+ 1-0

[Event "Tournoi de la Vierge 2011"]
[Site "CRELEL"]
[Date "2011.08.14"]
[Round "4"]
[White "Ancion, Merowig"]
[Black "Monticelli, Romain"]
[Result "0-1"]
[WhiteElo "1864"]
[BlackElo "1761"]
[PlyCount "72"]
[EventDate "2011.??.??"]

1. d4 Nf6 2. Nf3 e6 3. Bg5 Be7 4. e3 c5 5. c3 Nc6 6. Bd3 d5 7. Nbd2 c4 8. Bc2
b5 9. Qe2 b4 10. O-O Qa5 11. Rfc1 bxc3 12. bxc3 Ba3 13. Nxc4 Qa6 14. Bd3 dxc4
15. Bxc4 Qa5 16. Rcb1 Ne4 17. Rb3 Bd6 18. Bb5 Bd7 19. Qd3 Nxg5 20. Nxg5 a6 21.
Ne4 Be7 22. Bc4 O-O 23. Rb7 Bc8 24. Rb2 Rd8 25. Bb3 Qa3 26. Rd2 Na5 27. Bc2 Bd7
28. Nc5 g6 29. Nxd7 Rxd7 30. Rb1 Rc7 31. Bb3 Rac8 32. c4 Nxc4 33. Bxc4 Rxc4 34.
Qxa3 Bxa3 35. g3 a5 36. Kg2 Rc2 0-1

[Event "Tournoi de la Vierge 2011"]
[Site "CRELEL"]
[Date "2011.08.15"]
[Round "7"]
[White "Arabia, Allan"]
[Black "Fouarge, Albert"]
[Result "0-1"]
[WhiteElo "1354"]
[BlackElo "1473"]
[PlyCount "92"]
[EventDate "2011.??.??"]

1. e4 d6 2. d4 Nf6 3. Nc3 g6 4. Nf3 Bg7 5. Bc4 O-O 6. O-O Bg4 7. h3 Bxf3 8.
Qxf3 Nbd7 9. Re1 c5 10. Be3 Qb6 11. dxc5 Nxc5 12. Rab1 Nfd7 13. Nd5 Qd8 14. c3
Ne5 15. Qe2 Nxe4 16. Bd4 Nxc4 17. Bxg7 Kxg7 18. Qxc4 Nc5 19. Nxe7 Re8 20. Qd4+
f6 21. Nd5 Re5 22. Rbd1 Qd7 23. Qf4 Qf7 24. Re3 Rae8 25. Rf3 Rf5 26. Qxd6 Rxf3
27. gxf3 Ne6 28. Re1 f5 29. Qe5+ Kh6 30. Nf4 Nc7 31. Ne6 Nxe6 32. Qe3+ f4 33.
Qxa7 Re7 34. Qa5 Ng5 35. Rxe7 Qxe7 36. Kg2 Qe6 37. Kf1 Qxh3+ 38. Ke2 Qxf3+ 39.
Ke1 Qe4+ 40. Kd1 Qd3+ 41. Ke1 Ne4 42. c4 Qxc4 43. Kd1 Qd3+ 44. Ke1 f3 45. Qb5
Qd2+ 46. Kf1 Qd1# 0-1

[Event "Tournoi de la Vierge 2011"]
[Site "CRELEL"]
[Date "2011.08.13"]
[Round "2"]
[White "Arabia, Allan"]
[Black "Nottet, Tristan"]
[Result "0-1"]
[WhiteElo "1354"]
[BlackElo "1689"]
[PlyCount "20"]
[EventDate "2011.??.??"]

1. e4 c5 2. c3 d5 3. exd5 Qxd5 4. Qf3 Nf6 5. Qxd5 Nxd5 6. d4 cxd4 7. cxd4 g6 8.
Ne2 Bg7 9. Be3 Bg4 10. f3 Nxe3 0-1

[Event "Tournoi de la Vierge 2011"]
[Site "CRELEL"]
[Date "2011.08.14"]
[Round "4"]
[White "Arabia, Allan"]
[Black "Remont, Leopold"]
[Result "0-1"]
[WhiteElo "1354"]
[BlackElo "1964"]
[PlyCount "62"]
[EventDate "2011.??.??"]

1. e4 e5 2. Nf3 Nc6 3. Bc4 Nf6 4. Nc3 Nxe4 5. Bxf7+ Kxf7 6. Nxe4 d5 7. Neg5+
Kg8 8. d3 h6 9. Nh3 Bg4 10. c3 Bc5 11. Nhg1 Kh7 12. Qc2 Rf8 13. d4+ Bf5 14. Qd2
exd4 15. Nxd4 Nxd4 16. cxd4 Qe7+ 17. Qe3 Bb4+ 18. Bd2 Qd7 19. Kd1 Qa4+ 20. b3
Qb5 21. Nf3 Rae8 22. Ne5 Bd6 23. Re1 c5 24. Qc3 cxd4 25. Qxd4 Bxe5 26. Rxe5
Rxe5 27. Qxe5 Bg6 28. Bc3 Qd3+ 29. Bd2 Re8 30. Qc3 Qf1+ 31. Be1 Qe2+ 0-1

[Event "Tournoi de la Vierge 2011"]
[Site "CRELEL"]
[Date "2011.08.14"]
[Round "5"]
[White "Cesar, Andre"]
[Black "Henry, Michael"]
[Result "1-0"]
[WhiteElo "1851"]
[BlackElo "1667"]
[PlyCount "79"]
[EventDate "2011.??.??"]

1. d4 Nf6 2. Nf3 g6 3. g3 Bg7 4. Bg2 d5 5. O-O O-O 6. Nbd2 Bf5 7. c3 Nbd7 8.
Re1 Re8 9. Nh4 Be4 10. Nxe4 Nxe4 11. Qb3 Nb6 12. f3 Nd6 13. e4 dxe4 14. fxe4 e5
15. d5 Nd7 16. Qc2 a5 17. Be3 Rf8 18. Rf1 h6 19. b3 b6 20. c4 Kh7 21. a3 Bf6
22. Nf3 Qe7 23. b4 axb4 24. axb4 Nb7 25. Qc3 Bg7 26. Nd2 h5 27. Nb3 Bh6 28. Bf2
Nf6 29. h3 Nd6 30. Qd3 Rfc8 31. c5 bxc5 32. bxc5 Nde8 33. Ra6 Rxa6 34. Qxa6 Rd8
35. Na5 Rxd5 36. exd5 e4 37. d6 cxd6 38. cxd6 Nxd6 39. Bc5 Nfe8 40. Nc6 1-0

[Event "Tournoi de la Vierge 2011"]
[Site "CRELEL"]
[Date "2011.08.14"]
[Round "5"]
[White "Cesar, Andre"]
[Black "Henry, Michael"]
[Result "1-0"]
[WhiteElo "1851"]
[BlackElo "1667"]
[PlyCount "79"]
[EventDate "2011.??.??"]

1. d4 Nf6 2. Nf3 g6 3. g3 Bg7 4. Bg2 d5 5. O-O O-O 6. Nbd2 Bf5 7. c3 Nbd7 8.
Re1 Re8 9. Nh4 Be4 10. Nxe4 Nxe4 11. Qb3 Nb6 12. f3 Nd6 13. e4 dxe4 14. fxe4 e5
15. d5 Nd7 16. Qc2 a5 17. Be3 Rf8 18. Rf1 h6 19. b3 b6 20. c4 Kh7 21. a3 Bf6
22. Nf3 Qe7 23. b4 axb4 24. axb4 Nb7 25. Qc3 Bg7 26. Nd2 h5 27. Nb3 Bh6 28. Bf2
Nf6 29. h3 Nd6 30. Qd3 Rfc8 31. c5 bxc5 32. bxc5 Nde8 33. Ra6 Rxa6 34. Qxa6 Rd8
35. Na5 Rxd5 36. exd5 e4 37. d6 cxd6 38. cxd6 Nxd6 39. Bc5 Nfe8 40. Nc4 1-0

[Event "Tournoi de la Vierge 2011"]
[Site "CRELEL"]
[Date "2011.08.13"]
[Round "3"]
[White "Cesar, Andre"]
[Black "Lenaerts, Lennert"]
[Result "0-1"]
[WhiteElo "1851"]
[BlackElo "1875"]
[PlyCount "84"]
[EventDate "2011.??.??"]

1. d4 Nf6 2. Nf3 g6 3. g3 Bg7 4. Bg2 O-O 5. O-O d6 6. c4 c6 7. Nc3 Nbd7 8. e4
e5 9. h3 a5 10. Be3 Qc7 11. Qc2 b5 12. c5 dxc5 13. dxc5 Re8 14. b3 Bf8 15. Ne2
Qa7 16. Rac1 Nb8 17. a3 Na6 18. Ne1 b4 19. a4 Nc7 20. f4 exf4 21. Nxf4 Bg7 22.
Bd4 Ba6 23. Ne2 Nd7 24. Nd3 Bxd4+ 25. Nxd4 Bxd3 26. Qxd3 Ne5 27. Qc2 Na6 28.
Rf6 Qe7 29. Rff1 Rac8 30. Rfe1 Nd7 31. e5 Naxc5 32. Nxc6 Qg5 33. Qd1 Qxg3 34.
Qd6 Re6 35. Ne7+ Kg7 36. Nxc8 Rxd6 37. exd6 Nd3 38. Re7 Nxc1 39. Rxd7 Qe1+ 40.
Kh2 Ne2 41. h4 Qxh4+ 42. Bh3 Qg3+ 0-1

[Event "Tournoi de la Vierge 2011"]
[Site "CRELEL"]
[Date "2011.08.15"]
[Round "6"]
[White "Cesar, Andre"]
[Black "Noiroux, Kevin"]
[Result "1-0"]
[WhiteElo "1851"]
[BlackElo "2205"]
[PlyCount "77"]
[EventDate "2011.??.??"]

1. d4 Nf6 2. Nf3 e6 3. c4 Bb4+ 4. Nc3 c5 5. e3 b6 6. Bd3 Bb7 7. a3 Bxc3+ 8.
bxc3 Ne4 9. Qc2 f5 10. O-O O-O 11. Nd2 Qh4 12. f3 Nf6 13. Bb2 Nh5 14. e4 Nf4
15. exf5 exf5 16. g3 Nh3+ 17. Kg2 Qh5 18. d5 Na6 19. Rae1 Rae8 20. Nb3 Nc7 21.
Rxe8 Nxe8 22. Re1 Nc7 23. Re5 g6 24. Qe2 Ng5 25. Bc1 Nce6 26. Bxg5 Nxg5 27. Re7
f4 28. gxf4 Qh3+ 29. Kh1 Nxf3 30. Qg2 Qxg2+ 31. Kxg2 Rxf4 32. Kg3 Rf8 33. Rxd7
Ne5 34. Rxb7 Nxd3 35. Rxa7 Ne5 36. Nd2 g5 37. Re7 Ng6 38. Re6 Ra8 39. Ne4 1-0

[Event "Tournoi de la Vierge 2011"]
[Site "CRELEL"]
[Date "2011.08.13"]
[Round "2"]
[White "Cesar, Andre"]
[Black "Wlogalski, Olivier"]
[Result "1-0"]
[WhiteElo "1851"]
[BlackElo "1935"]
[PlyCount "98"]
[EventDate "2011.??.??"]

1. d4 b6 2. e4 Bb7 3. Bd3 e6 4. Qe2 Nf6 5. Nf3 d5 6. Nbd2 c5 7. dxc5 Bxc5 8.
exd5 Bxd5 9. O-O O-O 10. Ne4 Be7 11. Bf4 Bxe4 12. Bxe4 Nxe4 13. Qxe4 Nd7 14.
Rfd1 Qc8 15. Rd2 Nf6 16. Qe2 Qb7 17. Ne5 Rfd8 18. Rad1 Rxd2 19. Rxd2 Rd8 20.
Qd1 Rxd2 21. Qxd2 Qe4 22. f3 Qa4 23. a3 Nd5 24. Bg3 f6 25. Nd3 b5 26. h3 a5 27.
Kh2 b4 28. axb4 axb4 29. b3 Qc6 30. Nf4 Nc3 31. Qe3 Kf7 32. Ne2 Nb5 33. Qd3 g6
34. Be1 Qd6+ 35. Qxd6 Bxd6+ 36. Kg1 Na3 37. c4 Nc2 38. Bd2 Bc5+ 39. Kf1 e5 40.
Nc1 Ne3+ 41. Bxe3 Bxe3 42. Nd3 Bd2 43. Ke2 Bc3 44. g4 Ke6 45. Ke3 f5 46. Nc1
Bb2 47. Ne2 f4+ 48. Ke4 g5 49. Kd3 Kd6 1-0

[Event "Tournoi de la Vierge 2011"]
[Site "CRELEL"]
[Date "2011.08.12"]
[Round "3"]
[White "Fouarge, Albert"]
[Black "Thirion, Christian"]
[Result "0-1"]
[WhiteElo "1473"]
[BlackElo "1267"]
[PlyCount "40"]
[EventDate "2011.??.??"]

1. d4 d5 2. Nf3 e6 3. e3 Nf6 4. Bd3 Be7 5. O-O O-O 6. c3 c5 7. Nbd2 Nc6 8. Re1
c4 9. Bc2 Qc7 10. e4 Re8 11. e5 Nh5 12. Bxh7+ Kxh7 13. Ng5+ Bxg5 14. Qxh5+ Bh6
15. Nf3 Rh8 16. Bxh6 Kg8 17. Ng5 Rxh6 18. Qf3 f6 19. exf6 Qxh2+ 20. Kf1 Rxf6
0-1

[Event "Tournoi de la Vierge 2011"]
[Site "CRELEL"]
[Date "2011.08.15"]
[Round "6"]
[White "Henry, Michael"]
[Black "Arabia, Allan"]
[Result "1-0"]
[WhiteElo "1667"]
[BlackElo "1354"]
[PlyCount "123"]
[EventDate "2011.??.??"]

1. e4 e5 2. Nf3 Nc6 3. d4 exd4 4. Bc4 Nf6 5. e5 Ng4 6. Qe2 Qe7 7. Bg5 f6 8.
exf6 Qxe2+ 9. Bxe2 Nxf6 10. Bxf6 gxf6 11. Nbd2 d6 12. Bb5 Bd7 13. Nb3 O-O-O 14.
O-O-O a6 15. Bd3 Ne5 16. Nbxd4 Bg4 17. Bf5+ Bxf5 18. Nxf5 Nxf3 19. gxf3 Re8 20.
Rde1 Kd8 21. Rhg1 Rxe1+ 22. Rxe1 Rg8 23. Ng3 Be7 24. Re4 Rg5 25. Rg4 Bf8 26.
Ne4 Rh5 27. Rg8 Ke7 28. Nxf6 Bh6+ 29. Kd1 Kxf6 30. Rc8 Rxh2 31. Rxc7 Rxf2 32.
Rxh7 Bg7 33. Rh3 Kf7 34. b3 Rf1+ 35. Ke2 Ra1 36. a4 Ra2 37. Kd3 b5 38. axb5
axb5 39. Rh4 Ra5 40. Rh5 Ke6 41. Ke4 Bc3 42. Rh6+ Kd7 43. f4 Bd2 44. Rh5 d5+
45. Rxd5+ Ke6 46. Rxd2 b4 47. Rf2 Rc5 48. f5+ Kf6 49. Kd4 Rc8 50. Kd5 Rc3 51.
Ke4 Rc8 52. Kf4 Rc5 53. Kg4 Rc8 54. Rd2 Rc6 55. Rd4 Rb6 56. Rc4 Rb5 57. Rc6+
Kf7 58. Kg5 Rd5 59. Rc7+ Kf8 60. Kg6 Rd6+ 61. f6 Kg8 62. Rc8+ 1-0

[Event "Tournoi de la Vierge 2011"]
[Site "CRELEL"]
[Date "2011.08.13"]
[Round "2"]
[White "Henry, Michael"]
[Black "Mollica, Antonio"]
[Result "1-0"]
[WhiteElo "1667"]
[BlackElo "1629"]
[PlyCount "39"]
[EventDate "2011.??.??"]

1. e4 d5 2. exd5 Qxd5 3. d4 Nc6 4. Nf3 Bg4 5. Be2 O-O-O 6. c4 Bxf3 7. cxd5 Bxe2
8. Qxe2 Nxd4 9. Qg4+ e6 10. Qxd4 c5 11. Qa4 Kb8 12. Be3 Nf6 13. dxe6 fxe6 14.
Nc3 Be7 15. O-O Nd5 16. Rac1 Nxe3 17. fxe3 a6 18. Rf7 Bg5 19. Re1 Rd3 20. Qe4
1-0

[Event "Tournoi de la Vierge 2011"]
[Site "CRELEL"]
[Date "2011.08.14"]
[Round "4"]
[White "Henry, Michael"]
[Black "Nottet, Tristan"]
[Result "1-0"]
[WhiteElo "1667"]
[BlackElo "1689"]
[PlyCount "51"]
[EventDate "2011.??.??"]

1. e4 c5 2. b3 d6 3. Bb2 Nf6 4. Nc3 g6 5. f4 Bg7 6. Bb5+ Bd7 7. Bxd7+ Nbxd7 8.
d3 a6 9. Nf3 Qa5 10. O-O Ng4 11. Qe1 Bd4+ 12. Kh1 Ne3 13. Rf2 Ng4 14. Re2 Bg7
15. h3 Ngf6 16. Nd5 Qxe1+ 17. Raxe1 Rc8 18. Nxf6+ Nxf6 19. e5 dxe5 20. Nxe5 Nh5
21. Nc4 Ng3+ 22. Kh2 Nxe2 23. Rxe2 Bxb2 24. Nd6+ Kd7 25. Nxc8 Kxc8 26. Rxe7 1-0

[Event "Tournoi de la Vierge 2011"]
[Site "CRELEL"]
[Date "2011.08.15"]
[Round "6"]
[White "Joassin, Stephane"]
[Black "Remont, Leopold"]
[Result "0-1"]
[WhiteElo "1762"]
[BlackElo "1964"]
[PlyCount "54"]
[EventDate "2011.??.??"]

1. e4 e5 2. Nf3 Nc6 3. Bc4 Nf6 4. Nc3 Nxe4 5. Bxf7+ Kxf7 6. Nxe4 d5 7. Neg5+
Kg8 8. d3 h6 9. Nh3 Bg4 10. c3 Qd7 11. Nhg1 Kh7 12. h3 Bf5 13. g4 Be6 14. Bd2
Be7 15. Qe2 Bd6 16. g5 Rhf8 17. Nh4 g6 18. gxh6 e4 19. dxe4 dxe4 20. O-O-O Rae8
21. Qxe4 Bf5 22. Qg2 Ne5 23. Be3 Nd3+ 24. Rxd3 Bxd3 25. Ngf3 Bf4 26. Rg1 Rxe3
27. Ng5+ Kxh6 0-1

[Event "Tournoi de la Vierge 2011"]
[Site "CRELEL"]
[Date "2011.08.15"]
[Round "6"]
[White "Joassin, Stephane"]
[Black "Remont, Leopold"]
[Result "0-1"]
[WhiteElo "1762"]
[BlackElo "1950"]
[PlyCount "54"]
[EventDate "2011.??.??"]

1. e4 e5 2. Nf3 Nc6 3. Bc4 Nf6 4. Nc3 Nxe4 5. Bxf7+ Kxf7 6. Nxe4 d5 7. Neg5+
Kg8 8. d3 h6 9. Nh3 Bg4 10. c3 Qd7 11. Nhg1 Kh7 12. h3 Bf5 13. g4 Be6 14. Bd2
Be7 15. Qe2 Bd6 16. g5 Rhf8 17. Nh4 g6 18. gxh6 e4 19. dxe4 dxe4 20. O-O-O Rae8
21. Qxe4 Bf5 22. Qg2 Ne5 23. Be3 Nd3+ 24. Rxd3 Bxd3 25. Ngf3 Bf4 26. Rg1 Rxe3
27. Ng5+ Kh8 0-1

[Event "Tournoi de la Vierge 2011"]
[Site "CRELEL"]
[Date "2011.08.13"]
[Round "3"]
[White "Joassin, Stephane"]
[Black "Sferruggia, Serge"]
[Result "1-0"]
[WhiteElo "1762"]
[BlackElo "1534"]
[PlyCount "45"]
[EventDate "2011.??.??"]

1. e4 e5 2. Nf3 Nc6 3. Bc4 Nf6 4. Nc3 Bc5 5. d3 O-O 6. Bg5 d6 7. Nd5 Bg4 8. Qc1
Kh8 9. Bxf6 gxf6 10. Qh6 Rg8 11. Nxf6 Rg7 12. Ng5 Qf8 13. Nfxh7 Rg6 14. Qxg6
fxg6 15. Nxf8 Rxf8 16. f3 Bd7 17. Kd2 Rf6 18. h4 Kg7 19. h5 gxh5 20. Rxh5 Be8
21. Rh2 Bf2 22. Ne6+ Kg6 23. Rah1 1-0

[Event "Tournoi de la Vierge 2011"]
[Site "CRELEL"]
[Date "2011.08.14"]
[Round "4"]
[White "Joassin, Stephane"]
[Black "Wlogalski, Olivier"]
[Result "1-0"]
[WhiteElo "1762"]
[BlackElo "1935"]
[PlyCount "65"]
[EventDate "2011.??.??"]

1. e4 b6 2. d4 Bb7 3. Nc3 e6 4. a3 Nf6 5. Bd3 d5 6. e5 Nfd7 7. Nce2 c5 8. c3
Nc6 9. b4 a5 10. b5 Ne7 11. a4 c4 12. Bc2 h6 13. f4 g6 14. g4 Qc7 15. Nf3 O-O-O
16. Ng3 Kb8 17. f5 gxf5 18. gxf5 exf5 19. Nxf5 Nxf5 20. Bxf5 Re8 21. Bf4 Nf6
22. Rg1 Ne4 23. Bxe4 dxe4 24. Nd2 Bd5 25. Qh5 Re6 26. Ke2 Ka8 27. Ke3 Qe7 28.
Bg5 Qb7 29. Bf6 Rxf6 30. exf6 Bd6 31. Rg2 Qd7 32. Qxd5+ Ka7 33. Qh5 1-0

[Event "Tournoi de la Vierge 2011"]
[Site "CRELEL"]
[Date "2011.08.12"]
[Round "1"]
[White "Kuypers, Raoul"]
[Black "Joassin, Stephane"]
[Result "0-1"]
[WhiteElo "1316"]
[BlackElo "1762"]
[PlyCount "36"]
[EventDate "2011.??.??"]

1. e4 c5 2. Bc4 Nc6 3. Nf3 d6 4. Nc3 Nf6 5. h3 g6 6. d3 Bg7 7. Bd2 O-O 8. Qe2
a6 9. a3 Bd7 10. O-O b5 11. Ba2 e6 12. Bf4 Ne8 13. Qd2 Nd4 14. Nxd4 Bxd4 15.
Bxd6 Nxd6 16. b4 cxb4 17. axb4 Qf6 18. Rae1 Bxc3 0-1

[Event "Tournoi de la Vierge 2011"]
[Site "CRELEL"]
[Date "2011.08.14"]
[Round "5"]
[White "Kuypers, Raoul"]
[Black "Lievens, Robert"]
[Result "0-1"]
[WhiteElo "1316"]
[BlackElo "1608"]
[PlyCount "82"]
[EventDate "2011.??.??"]

1. e4 c5 2. Nf3 Nc6 3. Bc4 e6 4. Nc3 a6 5. a3 g6 6. d3 Bg7 7. Bd2 Nge7 8. O-O
O-O 9. Re1 b5 10. Ba2 Bb7 11. Rb1 Qc7 12. Ne2 d5 13. exd5 Nxd5 14. c4 Nde7 15.
Be3 Na7 16. Qc2 Bxf3 17. gxf3 Rac8 18. Kh1 Qc6 19. Ng1 Nf5 20. Qe2 Rfd8 21.
Rbd1 Nd4 22. Bxd4 Bxd4 23. Qf1 Bxb2 24. Qg2 Bg7 25. Re4 Rd4 26. Re3 Rcd8 27.
Bb1 bxc4 28. Ne2 R4d7 29. Nf4 Qa4 30. Rg1 c3 31. Nh5 c2 32. Ba2 Qxa3 33. Rxe6
Qxa2 34. Nf6+ Bxf6 35. Rxf6 Qb2 36. Qg5 Qd4 37. h4 Rd5 38. Rxg6+ hxg6 39. Qh6
Qg7 40. Qf4 Rd4 41. Qe3 Rxh4+ 0-1

[Event "Tournoi de la Vierge 2011"]
[Site "CRELEL"]
[Date "2011.08.12"]
[Round "1"]
[White "Laouar, Hassen"]
[Black "Cesar, Andre"]
[Result "0-1"]
[WhiteElo "1450"]
[BlackElo "1842"]
[PlyCount "82"]
[EventDate "2011.??.??"]

1. e4 c5 2. Nf3 d6 3. Bc4 e6 4. O-O Nc6 5. Nc3 Nf6 6. h3 Be7 7. a3 a6 8. d3 O-O
9. Ne2 b5 10. Ba2 Bb7 11. Nf4 d5 12. exd5 Nxd5 13. Nxd5 exd5 14. Re1 Bf6 15. c3
Qd6 16. Qd2 Rae8 17. Qf4 Rxe1+ 18. Nxe1 Be5 19. Qh4 Re8 20. Nf3 Bf6 21. Bg5
Bxg5 22. Nxg5 h6 23. Nf3 Ne5 24. Nxe5 Rxe5 25. Qg3 Qe7 26. d4 Re2 27. b4 c4 28.
Kh2 g6 29. f4 Bc8 30. Qf3 Qe6 31. Kg1 Re3 32. Qf2 Rxc3 33. Re1 Qf5 34. Bb1 Qd7
35. Qh4 Kg7 36. g4 Qd6 37. Bxg6 Qxg6 38. Re5 Rc1+ 39. Kf2 Qc2+ 40. Re2 Qd1 41.
Qe7 Qg1+ 0-1

[Event "Tournoi de la Vierge 2011"]
[Site "CRELEL"]
[Date "2011.08.12"]
[Round "2"]
[White "Lenaerts, Lennert"]
[Black "Gerard, Olivier"]
[Result "1-0"]
[WhiteElo "1835"]
[BlackElo "1150"]
[PlyCount "50"]
[EventDate "2011.??.??"]

1. d4 d5 2. Nf3 Nf6 3. e3 Bf5 4. c4 e6 5. Nc3 Bb4 6. Qa4+ Nc6 7. Ne5 Qd6 8. c5
Bxc5 9. Nxc6 bxc6 10. dxc5 Qxc5 11. Qd4 Qe7 12. Bd2 O-O 13. Na4 Ne4 14. Bb4 Nd6
15. Be2 e5 16. Qd2 Qf6 17. Nc5 Rfd8 18. O-O Ne4 19. Nxe4 dxe4 20. Qc3 Rab8 21.
a3 Qg6 22. Rfd1 Re8 23. g3 Rb5 24. Bxb5 cxb5 25. Qxe5 Rc8 1-0

[Event "Tournoi de la Vierge 2011"]
[Site "CRELEL"]
[Date "2011.08.15"]
[Round "6"]
[White "Lenaerts, Lennert"]
[Black "Reyskens, Jules"]
[Result "1-0"]
[WhiteElo "1875"]
[BlackElo "1762"]
[PlyCount "39"]
[EventDate "2011.??.??"]

1. d4 d5 2. Nf3 Nf6 3. e3 Bf5 4. c4 c6 5. Nc3 e6 6. Bd3 Bg6 7. Bxg6 hxg6 8. h3
Nbd7 9. Bd2 Be7 10. b3 Ne4 11. Nxe4 dxe4 12. Ne5 Nxe5 13. dxe5 Qd3 14. Rc1
O-O-O 15. Bc3 Qxd1+ 16. Rxd1 Rxd1+ 17. Kxd1 Rd8+ 18. Kc2 c5 19. a3 Rd3 20. b4
1-0

[Event "Tournoi de la Vierge 2011"]
[Site "CRELEL"]
[Date "2011.08.15"]
[Round "6"]
[White "Lenaerts, Lennert"]
[Black "Reyskens, Jules"]
[Result "1-0"]
[WhiteElo "1875"]
[BlackElo "1696"]
[PlyCount "52"]
[EventDate "2011.??.??"]

1. d4 d5 2. Nf3 Nf6 3. e3 Bf5 4. c4 c6 5. Nc3 e6 6. Bd3 Bg6 7. Bxg6 hxg6 8. h3
Nbd7 9. Bd2 Be7 10. b3 Ne4 11. Nxe4 dxe4 12. Ne5 Nxe5 13. dxe5 Qd3 14. Rc1
O-O-O 15. Bc3 Qxd1+ 16. Rxd1 Rxd1+ 17. Kxd1 Rd8+ 18. Kc2 c5 19. a3 Rd3 20. h4
Rd8 21. b4 cxb4 22. axb4 Rh8 23. g3 Kc7 24. Rd1 Rd8 25. Rd4 f5 26. exf6 Rxd4
1-0

[Event "Tournoi de la Vierge 2011"]
[Site "CRELEL"]
[Date "2011.08.13"]
[Round "2"]
[White "Lievens, Robert"]
[Black "Laouar, Hassen"]
[Result "1-0"]
[WhiteElo "1608"]
[BlackElo "1450"]
[PlyCount "69"]
[EventDate "2011.??.??"]

1. e4 e5 2. Nf3 d6 3. Bc4 Bg4 4. Nc3 Nf6 5. d3 Nc6 6. Be3 Na5 7. Bb5+ c6 8. Ba4
b5 9. Bb3 Nxb3 10. axb3 a5 11. h3 Bxf3 12. Qxf3 Be7 13. Ne2 a4 14. O-O axb3 15.
cxb3 O-O 16. Ng3 g6 17. Qe2 Nd7 18. Rac1 c5 19. f4 Bh4 20. Qf3 Ra2 21. Rc2 Bxg3
22. Qxg3 f5 23. Qe1 fxe4 24. dxe4 exf4 25. Bxf4 Nf6 26. Bg5 Kg7 27. Qc3 b4 28.
Qd3 Qe7 29. Rcf2 Qe5 30. Bxf6+ Rxf6 31. Rxf6 Qxb2 32. Rf7+ Kh6 33. Qe3+ g5 34.
R1f6+ Kh5 35. Rxh7# 1-0

[Event "Tournoi de la Vierge 2011"]
[Site "CRELEL"]
[Date "2011.08.14"]
[Round "4"]
[White "Lievens, Robert"]
[Black "Reyskens, Jules"]
[Result "0-1"]
[WhiteElo "1608"]
[BlackElo "1696"]
[PlyCount "108"]
[EventDate "2011.??.??"]

1. e4 e5 2. Nf3 Nf6 3. d3 Nc6 4. Bg5 Bb4+ 5. c3 Be7 6. Nbd2 d6 7. Be2 h6 8. Be3
Be6 9. O-O O-O 10. d4 exd4 11. cxd4 Bg4 12. h3 Bh5 13. Qb3 Rb8 14. Rac1 Bg6 15.
Bd3 Kh8 16. Rc3 d5 17. e5 Bxd3 18. Rxd3 Ne4 19. a3 Na5 20. Qc2 Nxd2 21. Nxd2 b5
22. f4 Nc4 23. Nb3 f5 24. Nc5 Bxc5 25. dxc5 c6 26. Bd4 Qd7 27. Rg3 Qe6 28. Ra1
Rf7 29. Qc3 a5 30. Qc1 a4 31. Qc3 Rfb7 32. Qf3 Nd2 33. Qh5 Kh7 34. Re3 Ne4 35.
g4 Qg6 36. Qxf5 Qxf5 37. gxf5 Rf8 38. f6 gxf6 39. e6 f5 40. Be5 Re7 41. Bd6
Rg8+ 42. Kf1 Rxe6 43. Rae1 Reg6 44. Ke2 Rg2+ 45. Kd1 Rxb2 46. Kc1 Rgg2 47. Rxe4
dxe4 48. Be5 Rbc2+ 49. Kb1 Rxc5 50. h4 Rd5 51. h5 c5 52. Bb2 c4 53. Rc1 Rd3 54.
Ba1 Rb3+ 0-1

[Event "Tournoi de la Vierge 2011"]
[Site "CRELEL"]
[Date "2011.08.12"]
[Round "1"]
[White "Magis, Pierre"]
[Black "Arabia, Allan"]
[Result "1/2-1/2"]
[WhiteElo "1631"]
[BlackElo "1354"]
[PlyCount "64"]
[EventDate "2011.??.??"]

1. e3 e5 2. d3 d5 3. Nc3 Nf6 4. Nf3 Nc6 5. Bd2 Bc5 6. Be2 O-O 7. O-O Re8 8. h3
d4 9. Ne4 Nxe4 10. dxe4 b6 11. Bb5 Bb7 12. Re1 a6 13. Bd3 Nb4 14. a3 Nxd3 15.
cxd3 dxe3 16. Bxe3 Qd6 17. Qc2 Bxe3 18. Rxe3 Rad8 19. Rc1 Rd7 20. Qc3 h6 21.
Nd2 Re6 22. Nc4 Qc6 23. Qe1 Qc5 24. b4 Qe7 25. Rc3 Rg6 26. f3 Qg5 27. Qf2 Re7
28. Nd2 Bc8 29. Kf1 f5 30. exf5 Bxf5 31. Ne4 Bxe4 32. dxe4 Rd7 1/2-1/2

[Event "Tournoi de la Vierge 2011"]
[Site "CRELEL"]
[Date "2011.08.15"]
[Round "6"]
[White "Magis, Pierre"]
[Black "Lievens, Robert"]
[Result "1/2-1/2"]
[WhiteElo "1782"]
[BlackElo "1688"]
[PlyCount "57"]
[EventDate "2011.??.??"]

1. e4 c5 2. Nf3 Nc6 3. Bc4 e6 4. O-O Nge7 5. Nc3 a6 6. a4 Ng6 7. d4 cxd4 8.
Nxd4 Bc5 9. Be3 Nxd4 10. Bxd4 Bxd4 11. Qxd4 O-O 12. Rad1 Qg5 13. Rd3 Qe5 14.
Rfd1 Qxd4 15. Rxd4 Ne5 16. Be2 f5 17. exf5 Rxf5 18. Re4 d5 19. Red4 Bd7 20. Bg4
Rf7 21. Re1 Nxg4 22. Rxg4 Raf8 23. f3 Rc8 24. Rb4 Rc7 25. Re2 Bc8 26. Rd2 Rf5
27. Ne2 Kf7 28. c3 g5 29. Nd4 1/2-1/2

[Event "Tournoi de la Vierge 2011"]
[Site "CRELEL"]
[Date "2011.08.13"]
[Round "3"]
[White "Mollica, Antonio"]
[Black "Arabia, Allan"]
[Result "0-1"]
[WhiteElo "1629"]
[BlackElo "1354"]
[PlyCount "76"]
[EventDate "2011.??.??"]

1. e4 e5 2. Nc3 Nf6 3. f4 d6 4. Nf3 Nc6 5. Bb5 Bd7 6. O-O Qe7 7. Nd5 Nxd5 8.
exd5 Nd8 9. Bxd7+ Qxd7 10. fxe5 dxe5 11. Nxe5 Qxd5 12. d4 Bd6 13. c4 Qa5 14.
Bd2 Qa6 15. b4 Bxe5 16. dxe5 Qxc4 17. Rc1 Qd4+ 18. Kh1 c6 19. Qe2 O-O 20. Bc3
Qd7 21. Rf3 Qe6 22. Rd1 f6 23. Rd6 Qe7 24. Rfd3 Qe8 25. Rd1 fxe5 26. Rd7 Nf7
27. Rxb7 Rd8 28. Re1 Rd5 29. Rxa7 Ng5 30. a4 Qd8 31. a5 Rd3 32. Bxe5 Nf7 33.
Qg4 g6 34. Bg3 Re8 35. Rxe8+ Qxe8 36. Rb7 Kg7 37. h3 Qe3 38. Qf4 Rd1+ 0-1